| Tag |
First Indicator |
Second Indicator |
Subfields |
| LEADER |
00000cam a2200000 a 4500 |
| 001 |
in00000017071 |
| 005 |
20151007053355.0 |
| 008 |
860923s1985 sdu b 00110 eng d |
| 010 |
|
|
|a 85061906
|
| 020 |
|
|
|a 0942456068 :
|c $16.95
|
| 035 |
|
|
|a (OCoLC)14254035
|
| 035 |
|
|
|9 AAB1420AM
|
| 040 |
|
|
|a OWK
|c OWK
|d m/c
|d TXA
|d UtOrBLW
|
| 049 |
|
|
|a TXAM
|c [A11071980]
|
| 050 |
|
4 |
|a LB2343.3
|b .E44 1985
|
| 100 |
1 |
|
|a Ellis, David B.
|
| 245 |
1 |
0 |
|a Becoming a master student :
|b tools, techniques, hints, ideas, illustrations, instructions, examples, methods, procedures, processes, skills, resources, and suggestions for success /
|c by David B. Ellis.
|
| 250 |
|
|
|a 5th ed.
|
| 264 |
|
1 |
|a Rapid City, SD :
|b College Survival,
|c [1985]
|
| 264 |
|
4 |
|c ©1985
|
| 300 |
|
|
|a 344 pages :
|b illustrations (some color) ;
|c 28 cm.
|
| 336 |
|
|
|a text
|b txt
|2 rdacontent
|
| 337 |
|
|
|a unmediated
|b n
|2 rdamedia
|
| 338 |
|
|
|a volume
|b nc
|2 rdacarrier
|
| 500 |
|
|
|a Previous edition titled: Survival tools for students (and before that: Survival tools for college).
|
| 504 |
|
|
|a Bibliography: pages 332-333.
|
| 500 |
|
|
|a Includes index.
|
| 650 |
|
0 |
|a College student orientation.
|
| 650 |
|
0 |
|a Study skills.
|
| 700 |
1 |
|
|a Ellis, David B.
|t Survival tools for college.
|
| 700 |
1 |
|
|a Ellis, David B.
|t Survival tools for students.
|
| 740 |
0 |
|
|a Survival tools for college.
|
| 740 |
0 |
|
|a Survival tools for students.
|
| 740 |
0 |
|
|a Master student.
|
| 999 |
|
|
|a MARS
|
| 999 |
f |
f |
|s a5bd2c93-c8c0-3080-af5f-9cd6fb502c89
|i a6b1f103-5f9d-389a-92aa-04eb9ee7a69b
|t 0
|
| 952 |
f |
f |
|p normal
|a Texas A&M University
|b College Station
|c Sterling C. Evans Library
|d Evans: Library Stacks
|t 0
|e LB2343.3 .E44 1985
|h Library of Congress classification
|i unmediated -- volume
|m A14811071980
|
| 998 |
f |
f |
|a LB2343.3 .E44 1985
|t 0
|l Evans: Library Stacks
|